| 000 | 00624nam a2200205 a 4500 | ||
|---|---|---|---|
| 001 | 3150 | ||
| 003 | CDMR | ||
| 005 | 20130611104930.0 | ||
| 008 | 130130s1982||||||||||||||||||||||||||||d | ||
| 020 | _a8431307919 | ||
| 040 |
_aCDMR _bcat _cCDMR |
||
| 100 | 1 |
_aGarcía Noblejas, Juan José _92298 |
|
| 245 | 1 | 0 |
_aPoética del texto audiovisual _b: introducción al discurso narrativo de la imagen _cJuan José García-Noblejas |
| 260 |
_aPamplona _c1982 _bEUNSA |
||
| 300 |
_a492 p ; _c21 cm |
||
| 490 | 0 |
_aCiencias de la información _v41 |
|
| 650 | 0 | 4 |
_91282 _aSemiòtica |
| 650 | 0 | 4 |
_93737 _aComunicació visual |
| 942 |
_cMON _2udc |
||
| 999 |
_c3150 _d3150 |
||